Real world justice: grounds, principles, human rights and social institutions

Guardat en:
Dades bibliogràfiques
Autors principals: Follesdal, Andreas (Autor), Pogge, Thomas (Autor)
Format: Llibre
Idioma:anglès
Publicat: Dordrecht Springer 2005
Col·lecció:Studies in Global Justice, 1
Matèries:
Etiquetes: Afegir etiqueta
Sense etiquetes, Sigues el primer a etiquetar aquest registre!

MARC

LEADER 00000nam a2200000 a 4500
001 UCI8167
003 CL-VaPUC
008 080807e20050000ne |||||||||||||||||eng|d
020 |a 1402031491 
082 0 4 |a 303.372  |b FOL  |2 21 
100 0 |a Follesdal, Andreas  |e author  |9 531636 
700 0 |a Pogge, Thomas  |e author  |9 531637 
245 1 0 |a Real world justice: grounds, principles, human rights and social institutions 
300 |a 408 p 
942 |c BK 
945 |d 20080807 00:00:00  |a jtorresc 
260 |a Dordrecht  |b Springer  |c 2005 
650 0 |a Justicia social  |9 314874 
650 0 |a Derechos humanos  |9 223025 
650 7 |a ORGANISMOS INTERNACIONALES  |2 CL-VaPUC  |9 255448 
650 0 |a Pobreza  |9 258652 
583 |a last modification  |c 20171213 06:02:55  |k Rodrigo Vera 
490 0 |a Studies in Global Justice, 1 
999 |c 331189  |d 331187 
952 |0 0  |1 0  |4 0  |6 303_372000000000000_FOL_2005  |7 0  |8 DER_TF  |9 417410  |a BIBDER  |b BIBDER  |d 2019-11-22  |i 4471245  |o 303.372 FOL 2005  |p 4471245  |r 2023-01-25  |w 2019-11-22  |x Ubicación 4to Piso  |y BK  |z Estos recursos deben solicitarse con anticipación  |k DER